000 00555pam a2200181 a 4500
020 _a0415012902 (pbk.)
020 _a0415012899 (hard)
050 0 0 _aRA394
_b.S88 1989
245 0 0 _aSuccess and crisis in national health systems :
_ba comparative approach /
_cedited by Mark G. Field.
260 _aNew York :
_bRoutledge,
_c1989.
300 _aviii, 296 p. :
650 0 _vCross-cultural studies.
650 0 _xComparative method.
650 0 _vCross-cultural studies.
650 0 _xComparative method.
700 1 _aField, Mark G.
942 _2lcc
_cGEN
999 _c7411
_d7411